00733nam a2200217Ii 450000100060000000300090000600800410001504000330005604100080008908200130009710000230011024500200013326400600015330000120021333600260022533700280025133800270027994000510030699900170035795201410037410102CO-ViMGA241108s9999||||xx |||||||||||||| ||und|| aCO-ViMGAbspaerdacCO-ViMGA0 aunk04a946-F8281 aWaldo Frank95724710aEspaña virgen 1a[Lugar de publicación no identificado] : Losada, 1947 avolumen atextbtxt2rdacontent aunmediatedbn2rdamedia avolumebnc2rdacarrier aidficha_siabuc: 9876. -- ficha_no_siabuc:10102 c55579d55579 001040708001aMEVIGERRbMEVIGERRcGENd2006-11-27hVol.1o946-F828pECA10678r2024-11-26 10:51:35tEj.1w2024-11-26yBKz9876 | 13425